[Event "OEISM 0818 BLMM"]
[Site "austriablmm"]
[Date "2020.12.12"]
[Round "8"]
[White "Chachacha7"]
[Black "Ppe1968"]
[Result "1/2-1/2"]
[WhiteElo "1706"]
[BlackElo "1932"]
[Annotator "NA"]
[PlyCount "66"]
[EventDate "2020.12.12"]
[EventType "blitz"]

1. d4 {[%emt 0:00:02]} d5 {[%emt 0:00:14]} 2. Bf4 {[%emt 0:00:02]} Nf6 {[%emt 0:00:01]} 3. e3 {[%emt 0:00:01]} g6 {[%emt 0:00:01]} 4. c3 {[%emt 0:00:04]} Bg7 {[%emt 0:00:01]} 5. Nd2 {[%emt 0:00:02]} O-O {[%emt 0:00:05]} 6. h3 {[%emt 0:00:02]} c5 {[%emt 0:00:01]} 7. Ngf3 {[%emt 0:00:02]} Nc6 {[%emt 0:00:01]} 8. Ne5 {[%emt 0:00:08]} Nd7 {[%emt 0:00:34]} 9. Nxd7 {[%emt 0:00:15]} Bxd7 {[%emt 0:00:05]} 10. Be2 {[%emt 0:00:02]} Qb6 {[%emt 0:01:13]} 11. Qb3 {[%emt 0:00:16]} c4 {[%emt 0:01:25]} 12. Qxb6 {[%emt 0:00:14]} axb6 {[%emt 0:00:00]} 13. a3 {[%emt 0:00:03]} b5 {[%emt 0:00:34]} 14. Rc1 {[%emt 0:00:03]} Rac8 {[%emt 0:00:41]} 15. Bf3 {[%emt 0:00:57]} Be6 {[%emt 0:01:27]} 16. O-O {[%emt 0:00:31]} Rfd8 {[%emt 0:00:40]} 17. Rfe1 {[%emt 0:00:22]} b6 {[%emt 0:00:54]} 18. Bg3 {[%emt 0:00:38]} f5 {[%emt 0:00:30]} 19. Bh4 {[%emt 0:00:33]} Bf7 {[%emt 0:00:10]} 20. Rcd1 {[%emt 0:00:28]} Re8 {[%emt 0:00:05]} 21. Nf1 {[%emt 0:00:15]} Rc7 {[%emt 0:00:30]} 22. Bg3 {[%emt 0:00:57]} Rd7 {[%emt 0:00:01]} 23. Be2 {[%emt 0:00:29]} h6 {[%emt 0:00:13]} 24. f4 {[%emt 0:00:21]} Rd6 {[%emt 0:00:24]} 25. Bf2 {[%emt 0:00:14]} Be6 {[%emt 0:00:01]} 26. Nh2 {[%emt 0:00:06]} Bd7 {[%emt 0:00:18]} 27. Nf3 {[%emt 0:00:23]} Ra8 {[%emt 0:00:02]} 28. Ne5 {[%emt 0:00:18]} Be8 {[%emt 0:00:01]} 29. Bf3 {[%emt 0:00:09]} Bf6 {[%emt 0:00:15]} 30. Be2 {[%emt 0:00:20]} Kg7 {[%emt 0:00:03]} 31. Kh2 {[%emt 0:00:08]} Ra7 {[%emt 0:00:17]} 32. Kg1 {[%emt 0:00:12]} Ra8 {[%emt 0:00:08]} 33. Kh2 {[%emt 0:00:02]} Nd8 {[%emt 0:00:14] Ppe1968 bietet Remis (Lag: Av=0.58s, max=1.0s)} 1/2-1/2

[Event "OEISM 0818 BLMM"]
[Site "austriablmm"]
[Date "2020.12.12"]
[Round "8"]
[White "OKli2120"]
[Black "Gor200506"]
[Result "0-1"]
[WhiteElo "1678"]
[BlackElo "1605"]
[Annotator "NA"]
[PlyCount "100"]
[EventDate "2020.12.12"]
[EventType "blitz"]

1. e4 {[%emt 0:00:02]} e6 {[%emt 0:00:08]} 2. d4 {[%emt 0:00:02]} d5 {[%emt 0:00:01]} 3. e5 {[%emt 0:00:02]} c5 {[%emt 0:00:01]} 4. c3 {[%emt 0:00:01]} Nc6 {[%emt 0:00:01]} 5. Nf3 {[%emt 0:00:02]} Nge7 {[%emt 0:00:02]} 6. Na3 {[%emt 0:00:02]} Nf5 {[%emt 0:00:03]} 7. Nc2 {[%emt 0:00:02]} cxd4 {[%emt 0:00:05]} 8. cxd4 {[%emt 0:00:02]} Bd7 {[%emt 0:00:21]} 9. Be2 {[%emt 0:00:08]} Be7 {[%emt 0:00:11]} 10. O-O {[%emt 0:00:06]} O-O {[%emt 0:00:01]} 11. Ne3 {[%emt 0:00:09]} Nxe3 {[%emt 0:00:43]} 12. fxe3 {[%emt 0:00:02]} Rc8 {[%emt 0:00:05]} 13. Bd2 {[%emt 0:00:07]} Qb6 {[%emt 0:00:04]} 14. Rb1 {[%emt 0:00:22]} Na5 {[%emt 0:01:28]} 15. Bxa5 {[%emt 0:00:16]} Qxa5 {[%emt 0:00:00]} 16. a3 {[%emt 0:00:25]} Rc7 {[%emt 0:00:20]} 17. Qd3 {[%emt 0:00:22]} g6 {[%emt 0:00:22]} 18. b4 {[%emt 0:00:09]} Qa4 {[%emt 0:00:11]} 19. Rfc1 {[%emt 0:00:34]} Rfc8 {[%emt 0:00:05]} 20. Rxc7 {[%emt 0:00:07]} Rxc7 {[%emt 0:00:00]} 21. Nd2 {[%emt 0:00:06]} Qc2 {[%emt 0:00:18]} 22. Nb3 {[%emt 0:00:19]} Qxd3 {[%emt 0:01:10]} 23. Bxd3 {[%emt 0:00:03]} Rc3 {[%emt 0:00:01]} 24. Nc1 {[%emt 0:00:31]} Rxa3 {[%emt 0:00:04]} 25. b5 {[%emt 0:00:20] OKli2120 offers a draw} Rc3 {[%emt 0:00:37]} 26. Kf2 {[%emt 0:00:10]} Ba3 {[%emt 0:00:10]} 27. Rb3 {[%emt 0:00:09]} Rxb3 {[%emt 0:00:21]} 28. Nxb3 {[%emt 0:00:00]} b6 {[%emt 0:00:01]} 29. Nd2 {[%emt 0:00:21]} Kf8 {[%emt 0:01:00]} 30. Nf3 {[%emt 0:00:06]} h6 {[%emt 0:00:07]} 31. g4 {[%emt 0:00:14]} Ke7 {[%emt 0:00:18]} 32. h4 {[%emt 0:00:10]} Kd8 {[%emt 0:00:14]} 33. h5 {[%emt 0:00:42]} g5 {[%emt 0:00:11]} 34. Ke2 {[%emt 0:00:26]} Kc7 {[%emt 0:00:03]} 35. Kd2 {[%emt 0:00:07]} a6 {[%emt 0:00:38]} 36. bxa6 {[%emt 0:00:06]} b5 {[%emt 0:00:02]} 37. Kc3 {[%emt 0:00:11]} Kb6 {[%emt 0:00:04]} 38. Kb3 {[%emt 0:00:05]} Be7 {[%emt 0:00:03]} 39. e4 {[%emt 0:00:27]} Kxa6 {[%emt 0:00:08]} 40. Nd2 {[%emt 0:00:24]} Bc6 {[%emt 0:00:24]} 41. Kc3 {[%emt 0:00:26]} Ka5 {[%emt 0:00:45]} 42. exd5 {[%emt 0:00:34]} Bxd5 {[%emt 0:00:04]} 43. Be4 {[%emt 0:00:34]} Bb4+ {[%emt 0:00:20]} 44. Kd3 {[%emt 0:00:03]} Bxd2 {[%emt 0:00:03]} 45. Bxd5 {[%emt 0:00:02]} exd5 {[%emt 0:00:02]} 46. Kxd2 {[%emt 0:00:02]} b4 {[%emt 0:00:01]} 47. Kc2 {[%emt 0:00:03]} Ka4 {[%emt 0:00:01]} 48. Kb2 {[%emt 0:00:02]} b3 {[%emt 0:00:01]} 49. Kb1 {[%emt 0:00:03]} Kb4 {[%emt 0:00:03]} 50. Kb2 {[%emt 0:00:02]} Kc4 {[%emt 0:00:01] OKli2120 resigns} 0-1

[Event "OEISM 0818 BLMM"]
[Site "austriablmm"]
[Date "2020.12.12"]
[Round "8"]
[White "Chessellis"]
[Black "Zauberbiene"]
[Result "1-0"]
[WhiteElo "1673"]
[BlackElo "1505"]
[Annotator "NA RC"]
[PlyCount "67"]
[EventDate "2020.12.12"]
[EventType "blitz"]

1. e4 {[%emt 0:00:01]} e5 {[%emt 0:00:02]} 2. Nf3 {[%emt 0:00:01]} Nc6 {[%emt 0:00:03]} 3. Nc3 {[%emt 0:00:01]} a6 {[%emt 0:00:19]} 4. d4 {[%emt 0:00:04]} exd4 {[%emt 0:00:04]} 5. Nxd4 {[%emt 0:00:02]} Bb4 {[%emt 0:00:06]} 6. Nxc6 {[%emt 0:00:04]} bxc6 {[%emt 0:00:02]} 7. Bd3 {[%emt 0:00:03]} d6 {[%emt 0:00:08]} 8. O-O {[%emt 0:00:02]} h6 {[%emt 0:00:03]} 9. Bd2 {[%emt 0:00:19]} Bc5 {[%emt 0:00:21]} 10. Re1 {[%emt 0:00:12]} Nf6 {[%emt 0:00:05]} 11. Bf4 {[%emt 0:00:11]} Ng4 {[%emt 0:00:08]} 12. Rf1 {[%emt 0:00:31]} d5 {[%emt 0:00:08]} 13. exd5 {[%emt 0:00:08]} cxd5 {[%emt 0:00:02]} 14. h3 {[%emt 0:00:06]} d4 {[%emt 0:00:21]} 15. Ne4 {[%emt 0:00:41]} Nf6 {[%emt 0:00:26]} 16. Nxc5 {[%emt 0:00:06]} O-O {[%emt 0:00:12]} 17. Nb3 {[%emt 0:00:11]} Re8 {[%emt 0:00:02]} 18. Nxd4 {[%emt 0:00:15]} Qxd4 {[%emt 0:00:14]} 19. Bh7+ {[%emt 0:00:03]} Kxh7 {[%emt 0:00:16]} 20. Qxd4 {[%emt 0:00:03]} Nh5 {[%emt 0:00:03]} 21. Bxc7 {[%emt 0:00:18]} Bf5 {[%emt 0:00:09]} 22. Rfe1 {[%emt 0:00:22]} Bxc2 {[%emt 0:00:52]} 23. Rxe8 {[%emt 0:00:04]} Rxe8 {[%emt 0:00:05]} 24. Qc4 {[%emt 0:00:11]} Bg6 {[%emt 0:00:08]} 25. Qxa6 {[%emt 0:00:13]} Re7 {[%emt 0:00:04]} 26. Bh2 {[%emt 0:00:24]} Rd7 {[%emt 0:00:12]} 27. Rc1 {[%emt 0:00:13]} Bd3 {[%emt 0:00:08]} 28. Qa4 {[%emt 0:00:21]} Re7 {[%emt 0:00:15]} 29. Qa3 {[%emt 0:00:19]} Re6 {[%emt 0:00:09]} 30. Qxd3+ {[%emt 0:00:04]} g6 {[%emt 0:00:13]} 31. Bg3 {[%emt 0:00:10]} Nf6 {[%emt 0:00:11]} 32. Bh4 {[%emt 0:00:28]} Nd7 {[%emt 0:00:20]} 33. Qxd7 {[%emt 0:00:08]} g5 {[%emt 0:00:14]} 34. Qxf7+ {[%emt 0:00:03] Zauberbiene resigns} 1-0

[Event "OEISM 0818 BLMM"]
[Site "austriablmm"]
[Date "2020.12.12"]
[Round "8"]
[White "SaRaHo"]
[Black "Wimmer Michael"]
[Result "0-1"]
[WhiteElo "1668"]
[BlackElo "1722"]
[Annotator "NA RC"]
[PlyCount "44"]
[EventDate "2020.12.12"]
[EventType "blitz"]

1. e4 {[%emt 0:00:17]} e5 {[%emt 0:00:02]} 2. Nf3 {[%emt 0:00:02]} Nc6 {[%emt 0:00:02]} 3. d4 {[%emt 0:00:02]} exd4 {[%emt 0:00:07]} 4. Bc4 {[%emt 0:00:03]} Nf6 {[%emt 0:00:05]} 5. e5 {[%emt 0:00:06]} d5 {[%emt 0:00:03]} 6. Bb5 {[%emt 0:00:02]} Ne4 {[%emt 0:00:10]} 7. Nxd4 {[%emt 0:00:02]} Bd7 {[%emt 0:00:07]} 8. Bxc6 {[%emt 0:00:02]} bxc6 {[%emt 0:00:04]} 9. O-O {[%emt 0:00:04]} Bc5 {[%emt 0:00:07]} 10. Be3 {[%emt 0:00:02]} Bb6 {[%emt 0:00:12]} 11. Nd2 {[%emt 0:00:04]} Nxd2 {[%emt 0:00:05]} 12. Qxd2 {[%emt 0:00:02]} O-O {[%emt 0:00:08]} 13. Qc3 {[%emt 0:00:06]} c5 {[%emt 0:00:06]} 14. Nb3 {[%emt 0:00:17]} d4 {[%emt 0:00:06]} 15. Qd3 {[%emt 0:00:08]} dxe3 {[%emt 0:00:05]} 16. Qxe3 {[%emt 0:00:02]} c4 {[%emt 0:00:02]} 17. Qe4 {[%emt 0:00:08]} cxb3 {[%emt 0:00:03]} 18. axb3 {[%emt 0:00:03]} Qe7 {[%emt 0:00:09]} 19. Kh1 {[%emt 0:00:07]} Rfe8 {[%emt 0:00:12]} 20. f4 {[%emt 0:00:03]} Qe6 {[%emt 0:00:07]} 21. Rad1 {[%emt 0:00:05]} Bc6 {[%emt 0:00:13]} 22. Qf3 {[%emt 0:00:08]} Bxf3 {[%emt 0:00:03] SaRaHo resigns} 0-1

[Event "OEISM 0818 BLMM"]
[Site "austriablmm"]
[Date "2020.12.12"]
[Round "8"]
[White "Cachri"]
[Black "chessroman"]
[Result "0-1"]
[WhiteElo "1598"]
[BlackElo "1508"]
[Annotator "NA RC"]
[PlyCount "160"]
[EventDate "2020.12.12"]
[EventType "blitz"]

1. d4 {[%emt 0:00:09]} d5 {[%emt 0:00:05]} 2. Bf4 {[%emt 0:00:02]} c5 {[%emt 0:00:11]} 3. e3 {[%emt 0:00:02]} Nc6 {[%emt 0:00:16]} 4. c3 {[%emt 0:00:01]} Bf5 {[%emt 0:00:04]} 5. Nd2 {[%emt 0:00:04]} e6 {[%emt 0:00:04]} 6. Ngf3 {[%emt 0:00:02]} Nf6 {[%emt 0:00:05]} 7. Be2 {[%emt 0:00:15]} Bd6 {[%emt 0:00:06]} 8. Ne5 {[%emt 0:00:21]} Qc7 {[%emt 0:00:13]} 9. Ndf3 {[%emt 0:00:38]} O-O {[%emt 0:00:16]} 10. O-O {[%emt 0:00:11]} Be4 {[%emt 0:00:25]} 11. Nxc6 {[%emt 0:01:07]} Bxf4 {[%emt 0:00:49]} 12. Nce5 {[%emt 0:01:09]} Bxe5 {[%emt 0:00:18]} 13. Nxe5 {[%emt 0:00:00]} Rac8 {[%emt 0:00:17]} 14. f3 {[%emt 0:00:26]} Bg6 {[%emt 0:00:55]} 15. Rc1 {[%emt 0:00:26]} b6 {[%emt 0:00:24]} 16. Qd2 {[%emt 0:00:15]} Nd7 {[%emt 0:00:11]} 17. Nxg6 {[%emt 0:00:09]} hxg6 {[%emt 0:00:04]} 18. e4 {[%emt 0:00:29]} dxe4 {[%emt 0:00:22]} 19. fxe4 {[%emt 0:00:00]} Rfd8 {[%emt 0:00:10]} 20. Qe3 {[%emt 0:00:49]} Kf8 {[%emt 0:00:15]} 21. Qh3 {[%emt 0:00:38]} Ke7 {[%emt 0:00:15]} 22. Qh4+ {[%emt 0:00:39]} f6 {[%emt 0:01:39]} 23. Qg4 {[%emt 0:00:13]} Rh8 {[%emt 0:00:10]} 24. h3 {[%emt 0:00:05]} g5 {[%emt 0:00:13]} 25. Bc4 {[%emt 0:00:09]} Nf8 {[%emt 0:00:32]} 26. d5 {[%emt 0:00:22]} Rh4 {[%emt 0:01:20]} 27. Qe2 {[%emt 0:00:21]} e5 {[%emt 0:00:05]} 28. Rcd1 {[%emt 0:00:04]} Rd8 {[%emt 0:00:13]} 29. Rd2 {[%emt 0:00:19]} Rd6 {[%emt 0:00:07]} 30. a4 {[%emt 0:00:31]} a5 {[%emt 0:00:16]} 31. Bb5 {[%emt 0:00:05]} Ng6 {[%emt 0:00:10]} 32. Qf3 {[%emt 0:00:32]} Rf4 {[%emt 0:00:08]} 33. Qe2 {[%emt 0:00:07]} Qd8 {[%emt 0:00:11]} 34. Rf3 {[%emt 0:00:23]} Qh8 {[%emt 0:00:14]} 35. Rd1 {[%emt 0:00:32]} Rxf3 {[%emt 0:00:23]} 36. Qxf3 {[%emt 0:00:02]} Nf4 {[%emt 0:00:03]} 37. Kf2 {[%emt 0:00:04]} Qh4+ {[%emt 0:00:10]} 38. Qg3 {[%emt 0:00:03]} Qxg3+ {[%emt 0:00:06]} 39. Kxg3 {[%emt 0:00:00]} Nh5+ {[%emt 0:00:07]} 40. Kf3 {[%emt 0:00:05]} Nf4 {[%emt 0:00:02]} 41. Rf1 {[%emt 0:00:06]} g6 {[%emt 0:00:06]} 42. Rh1 {[%emt 0:00:04]} f5 {[%emt 0:00:03]} 43. c4 {[%emt 0:00:02]} fxe4+ {[%emt 0:00:02]} 44. Kxe4 {[%emt 0:00:00]} Nxg2 {[%emt 0:00:03]} 45. Rg1 {[%emt 0:00:01]} Nf4 {[%emt 0:00:02]} 46. Rxg5 {[%emt 0:00:02]} Nxh3 {[%emt 0:00:02]} 47. Rxe5+ {[%emt 0:00:01]} Kf6 {[%emt 0:00:05]} 48. Re8 {[%emt 0:00:06]} Nf2+ {[%emt 0:00:03]} 49. Kf3 {[%emt 0:00:08]} Nd3 {[%emt 0:00:03]} 50. Re2 {[%emt 0:00:04]} Ne5+ {[%emt 0:00:04]} 51. Kf2 {[%emt 0:00:01]} Ng4+ {[%emt 0:00:03]} 52. Kg3 {[%emt 0:00:01]} Ne5 {[%emt 0:00:03]} 53. b3 {[%emt 0:00:05]} g5 {[%emt 0:00:03]} 54. Rf2+ {[%emt 0:00:01]} Kg6 {[%emt 0:00:03]} 55. Be8+ {[%emt 0:00:03]} Kg7 {[%emt 0:00:03]} 56. Bb5 {[%emt 0:00:05]} Rf6 {[%emt 0:00:03]} 57. Rxf6 {[%emt 0:00:04]} Kxf6 {[%emt 0:00:00]} 58. d6 {[%emt 0:00:02]} Ke6 {[%emt 0:00:02]} 59. d7 {[%emt 0:00:03]} Nxd7 {[%emt 0:00:02]} 60. Bxd7+ {[%emt 0:00:01]} Kxd7 {[%emt 0:00:01]} 61. Kg4 {[%emt 0:00:00]} Ke6 {[%emt 0:00:01]} 62. Kxg5 {[%emt 0:00:00]} Ke5 {[%emt 0:00:01]} 63. Kg6 {[%emt 0:00:02]} Kd4 {[%emt 0:00:03]} 64. Kf6 {[%emt 0:00:01]} Kc3 {[%emt 0:00:01]} 65. Ke6 {[%emt 0:00:00]} Kxb3 {[%emt 0:00:01]} 66. Kd6 {[%emt 0:00:00]} Kxc4 {[%emt 0:00:01]} 67. Kc6 {[%emt 0:00:00]} Kb4 {[%emt 0:00:01]} 68. Kxb6 {[%emt 0:00:01]} c4 {[%emt 0:00:01]} 69. Ka6 {[%emt 0:00:02]} c3 {[%emt 0:00:02]} 70. Kb6 {[%emt 0:00:00]} c2 {[%emt 0:00:01]} 71. Kb7 {[%emt 0:00:00]} c1=Q {[%emt 0:00:02]} 72. Kb6 {[%emt 0:00:00]} Qc5+ {[%emt 0:00:02]} 73. Ka6 {[%emt 0:00:01]} Kxa4 {[%emt 0:00:05]} 74. Kb7 {[%emt 0:00:04]} Qd6 {[%emt 0:00:03]} 75. Kc8 {[%emt 0:00:02]} Kb5 {[%emt 0:00:04]} 76. Kb7 {[%emt 0:00:00]} Qd7+ {[%emt 0:00:03]} 77. Ka8 {[%emt 0:00:08]} a4 {[%emt 0:00:02]} 78. Kb8 {[%emt 0:00:00]} a3 {[%emt 0:00:01]} 79. Ka8 {[%emt 0:00:03]} Kb6 {[%emt 0:00:02]} 80. Kb8 {[%emt 0:00:00]} Qb7# {[%emt 0:00:01] Mate Mate} 0-1

[Event "OEISM 0818 BLMM"]
[Site "austriablmm"]
[Date "2020.12.12"]
[Round "8"]
[White "Blacky247"]
[Black "Armin_Donner"]
[Result "1-0"]
[WhiteElo "1589"]
[BlackElo "1496"]
[Annotator "NA"]
[PlyCount "91"]
[EventDate "2020.12.12"]
[EventType "blitz"]

1. e4 {[%emt 0:00:03]} e5 {[%emt 0:00:02]} 2. d3 {[%emt 0:00:03]} d6 {[%emt 0:00:04]} 3. Nf3 {[%emt 0:00:02]} Nf6 {[%emt 0:00:03]} 4. Nc3 {[%emt 0:00:02]} Nc6 {[%emt 0:00:04]} 5. Bg5 {[%emt 0:00:02]} h6 {[%emt 0:00:04]} 6. Bxf6 {[%emt 0:00:02]} Qxf6 {[%emt 0:00:02]} 7. Be2 {[%emt 0:00:01]} Be7 {[%emt 0:00:06]} 8. O-O {[%emt 0:00:04]} Nb4 {[%emt 0:00:14]} 9. a3 {[%emt 0:00:06]} Nc6 {[%emt 0:00:07]} 10. h3 {[%emt 0:00:04]} O-O {[%emt 0:00:21]} 11. Nd5 {[%emt 0:00:08]} Qe6 {[%emt 0:00:05]} 12. Nxc7 {[%emt 0:00:03]} Qd7 {[%emt 0:00:09]} 13. Nxa8 {[%emt 0:00:03]} Qe6 {[%emt 0:00:23]} 14. Nc7 {[%emt 0:00:05]} Qd7 {[%emt 0:00:08]} 15. Nd5 {[%emt 0:00:04]} b5 {[%emt 0:00:07]} 16. Nxe7+ {[%emt 0:00:02]} Qxe7 {[%emt 0:00:03]} 17. a4 {[%emt 0:00:05]} bxa4 {[%emt 0:00:03]} 18. Rxa4 {[%emt 0:00:02]} Qb7 {[%emt 0:00:30]} 19. b3 {[%emt 0:00:04]} Nb4 {[%emt 0:00:07]} 20. Nd2 {[%emt 0:00:19]} Bd7 {[%emt 0:00:40]} 21. Ra1 {[%emt 0:00:12]} a6 {[%emt 0:00:15]} 22. Nc4 {[%emt 0:00:09]} d5 {[%emt 0:00:19]} 23. Nxe5 {[%emt 0:00:05]} dxe4 {[%emt 0:00:07]} 24. Nxd7 {[%emt 0:00:03]} Qxd7 {[%emt 0:00:05]} 25. dxe4 {[%emt 0:00:02]} Qc6 {[%emt 0:00:11]} 26. Bxa6 {[%emt 0:00:11]} Nxa6 {[%emt 0:00:05]} 27. Qd5 {[%emt 0:00:05]} Qc7 {[%emt 0:00:37]} 28. Rxa6 {[%emt 0:00:07]} Qxc2 {[%emt 0:00:07]} 29. Ra8 {[%emt 0:00:04]} Rxa8 {[%emt 0:00:05]} 30. Qxa8+ {[%emt 0:00:03]} Kh7 {[%emt 0:00:03]} 31. Qb7 {[%emt 0:00:07]} Qxe4 {[%emt 0:00:04]} 32. Qxf7 {[%emt 0:00:06]} Qg6 {[%emt 0:00:07]} 33. Qxg6+ {[%emt 0:00:02]} Kxg6 {[%emt 0:00:03]} 34. b4 {[%emt 0:00:03]} Kf7 {[%emt 0:00:02]} 35. b5 {[%emt 0:00:01]} Ke7 {[%emt 0:00:01]} 36. Rc1 {[%emt 0:00:01]} g5 {[%emt 0:00:05]} 37. b6 {[%emt 0:00:01]} h5 {[%emt 0:00:03]} 38. b7 {[%emt 0:00:02]} g4 {[%emt 0:00:03]} 39. b8=R {[%emt 0:00:04]} gxh3 {[%emt 0:00:04]} 40. gxh3 {[%emt 0:00:02]} Ke6 {[%emt 0:00:07]} 41. Rc5 {[%emt 0:00:02]} Kd6 {[%emt 0:00:05]} 42. Rxh5 {[%emt 0:00:02]} Kc7 {[%emt 0:00:03]} 43. Rg8 {[%emt 0:00:04]} Kc6 {[%emt 0:00:06]} 44. Rg6+ {[%emt 0:00:02]} Kd7 {[%emt 0:00:03]} 45. Rh7+ {[%emt 0:00:02]} Kd8 {[%emt 0:00:01]} 46. Rg8# {[%emt 0:00:02] Mate Mate} 1-0

[Event "OEISM 0818 BLMM"]
[Site "austriablmm"]
[Date "2020.12.12"]
[Round "8"]
[White "Maryam2010"]
[Black "Mostinchen"]
[Result "0-1"]
[WhiteElo "1582"]
[BlackElo "1485"]
[Annotator "NA"]
[PlyCount "152"]
[EventDate "2020.12.12"]
[EventType "blitz"]

1. e4 {[%emt 0:00:02]} d5 {[%emt 0:00:02]} 2. exd5 {[%emt 0:00:03]} Qxd5 {[%emt 0:00:02]} 3. Nf3 {[%emt 0:00:02]} Nf6 {[%emt 0:00:05]} 4. Be2 {[%emt 0:00:04]} Bf5 {[%emt 0:00:03]} 5. O-O {[%emt 0:00:16]} e6 {[%emt 0:00:04]} 6. c4 {[%emt 0:00:15]} Qd7 {[%emt 0:00:23]} 7. d4 {[%emt 0:00:11]} Nc6 {[%emt 0:00:12]} 8. Nc3 {[%emt 0:00:09]} Bb4 {[%emt 0:00:11]} 9. Bg5 {[%emt 0:00:12]} Bxc3 {[%emt 0:00:17]} 10. bxc3 {[%emt 0:00:02]} Ne4 {[%emt 0:00:03]} 11. Bd2 {[%emt 0:00:20]} O-O {[%emt 0:00:11]} 12. Ng5 {[%emt 0:00:21]} Nxd2 {[%emt 0:01:08]} 13. Qxd2 {[%emt 0:00:02]} h6 {[%emt 0:00:02]} 14. Nf3 {[%emt 0:00:08]} Rad8 {[%emt 0:00:10]} 15. Rad1 {[%emt 0:00:05]} Rfe8 {[%emt 0:00:17]} 16. c5 {[%emt 0:00:15]} Be4 {[%emt 0:02:06]} 17. Qf4 {[%emt 0:00:29]} Bc2 {[%emt 0:00:35]} 18. Rd2 {[%emt 0:00:06]} Bf5 {[%emt 0:00:13]} 19. Rfd1 {[%emt 0:00:26]} Ne7 {[%emt 0:00:45]} 20. Ne5 {[%emt 0:00:42]} Ng6 {[%emt 0:01:06]} 21. Nxd7 {[%emt 0:01:00]} Nxf4 {[%emt 0:00:02]} 22. Ne5 {[%emt 0:00:02]} Nxe2+ {[%emt 0:00:07]} 23. Rxe2 {[%emt 0:00:02]} f6 {[%emt 0:00:17]} 24. Nf3 {[%emt 0:00:11]} Kf7 {[%emt 0:00:25]} 25. h3 {[%emt 0:00:10]} Rd5 {[%emt 0:00:06]} 26. Nh4 {[%emt 0:00:17]} Bh7 {[%emt 0:00:05]} 27. Red2 {[%emt 0:00:24]} Red8 {[%emt 0:00:04]} 28. Nf3 {[%emt 0:00:38]} c6 {[%emt 0:00:04]} 29. a3 {[%emt 0:00:27]} Be4 {[%emt 0:00:07]} 30. Ne1 {[%emt 0:00:35]} R5d7 {[%emt 0:00:08]} 31. Nc2 {[%emt 0:00:12]} Bxc2 {[%emt 0:00:25]} 32. Rxc2 {[%emt 0:00:02]} e5 {[%emt 0:00:01]} 33. Rcd2 {[%emt 0:00:06]} exd4 {[%emt 0:00:04]} 34. Rxd4 {[%emt 0:00:06]} Rxd4 {[%emt 0:00:02]} 35. Rxd4 {[%emt 0:00:03]} Rxd4 {[%emt 0:00:02]} 36. cxd4 {[%emt 0:00:01]} Ke6 {[%emt 0:00:01]} 37. Kf1 {[%emt 0:00:05]} Kd5 {[%emt 0:00:02]} 38. Ke2 {[%emt 0:00:01]} Kxd4 {[%emt 0:00:01]} 39. f3 {[%emt 0:00:03]} f5 {[%emt 0:00:11]} 40. g3 {[%emt 0:00:04]} g5 {[%emt 0:00:02]} 41. Kd2 {[%emt 0:00:05]} h5 {[%emt 0:00:03]} 42. Ke2 {[%emt 0:00:05]} Kxc5 {[%emt 0:00:04]} 43. Kd3 {[%emt 0:00:01]} Kd5 {[%emt 0:00:03]} 44. Kc3 {[%emt 0:00:05]} a5 {[%emt 0:00:04]} 45. Kd3 {[%emt 0:00:04]} b5 {[%emt 0:00:02]} 46. Kc3 {[%emt 0:00:02]} c5 {[%emt 0:00:01]} 47. Kd3 {[%emt 0:00:03]} a4 {[%emt 0:00:03]} 48. Kc3 {[%emt 0:00:04]} Ke5 {[%emt 0:00:08]} 49. Kd3 {[%emt 0:00:10]} b4 {[%emt 0:00:04]} 50. axb4 {[%emt 0:00:14]} cxb4 {[%emt 0:00:01]} 51. Kc2 {[%emt 0:00:08]} Kd4 {[%emt 0:00:05]} 52. Kd2 {[%emt 0:00:04]} a3 {[%emt 0:00:03]} 53. Kc2 {[%emt 0:00:07]} g4 {[%emt 0:00:02]} 54. fxg4 {[%emt 0:00:10]} fxg4 {[%emt 0:00:13]} 55. hxg4 {[%emt 0:00:11]} hxg4 {[%emt 0:00:01]} 56. Kb3 {[%emt 0:00:08]} Ke3 {[%emt 0:00:03]} 57. Kxb4 {[%emt 0:00:01]} Kf3 {[%emt 0:00:01]} 58. Kxa3 {[%emt 0:00:01]} Kxg3 {[%emt 0:00:01]} 59. Kb3 {[%emt 0:00:02]} Kf2 {[%emt 0:00:00]} 60. Kc3 {[%emt 0:00:01]} g3 {[%emt 0:00:00]} 61. Kd3 {[%emt 0:00:01]} g2 {[%emt 0:00:00]} 62. Ke4 {[%emt 0:00:08]} g1=Q {[%emt 0:00:00]} 63. Ke5 {[%emt 0:00:01]} Qg4 {[%emt 0:00:02]} 64. Kd5 {[%emt 0:00:02]} Qf4 {[%emt 0:00:03]} 65. Ke6 {[%emt 0:00:01]} Qg5 {[%emt 0:00:02]} 66. Kf7 {[%emt 0:00:02]} Qh6 {[%emt 0:00:02]} 67. Ke7 {[%emt 0:00:02]} Qc6 {[%emt 0:00:03]} 68. Kf7 {[%emt 0:00:01]} Qd6 {[%emt 0:00:03]} 69. Kg7 {[%emt 0:00:01]} Qe6 {[%emt 0:00:02]} 70. Kh7 {[%emt 0:00:01]} Qf6 {[%emt 0:00:05]} 71. Kg8 {[%emt 0:00:01]} Qe7 {[%emt 0:00:02]} 72. Kh8 {[%emt 0:00:02]} Kf3 {[%emt 0:00:00]} 73. Kg8 {[%emt 0:00:01]} Kf4 {[%emt 0:00:00]} 74. Kh8 {[%emt 0:00:01]} Kf5 {[%emt 0:00:00]} 75. Kg8 {[%emt 0:00:01]} Kg6 {[%emt 0:00:00]} 76. Kh8 {[%emt 0:00:02]} Qg7# {[%emt 0:00:00] Mate Mate} 0-1